000 00630nam a2200217Ia 4500
003 OSt
005 20220928135549.0
006 a|||||r|||| 00| 0
007 ta
008 220927b |||||||| |||| 00| 0 eng d
024 _a3188
037 _cTextual
040 _aSDCL
_cSDCL
_beng
041 _2eng
_aeng
082 _aO-,1L88:g(W), M1
100 _aTrueblood Paul Graham Ed.
_9491579
245 0 _aByron's political and cultural influence in nineteenth-century Europe
_b A symposium
260 _c1981
942 _hO-,1L88:g(W), M1
_cTEXL
_2CC
999 _c806982
_d806982